Statistics for Highest Goalscorers in UEFA Club Competitions 2021/22

Click here to take the quiz!

General Stats

  • This quiz has been taken 62 times
  • The average score is 14 of 31

Answer Stats

#GoalsClubCompetitionAnswer% Correct
115Real MadridUCLKarim Benzema
98%
213Bayern MunichUCLRobert Lewandowski
98%
78LiverpoolUCLMohamed Salah
96%
116Paris Saint-GermainUCLKylian Mbappé
85%
116Manchester UnitedUCLCristiano Ronaldo
84%
225LiverpoolUCLSadio Mané
84%
311RB LeipzigUCL, EuropaChristopher Nkunku
82%
311Ajax AmsterdamUCLSébastien Haller
78%
69AS RomaConferenceTammy Abraham
76%
225Paris Saint-GermainUCLLionel Messi
73%
97Manchester CityUCLRiyad Mahrez
73%
225LiverpoolUCLRoberto Firmino
71%
116Bayern MunichUCLLeroy Sané
67%
225Real MadridUCLRodrygo
60%
116SL BenficaUCLDarwin Núñez
44%
97Rangers FCEuropaJames Tavernier
40%
116VillarrealUCLArnaut Danjuma
35%
116Leicester CityEuropa, ConferencePatson Daka
35%
225AS RomaConferenceNicolò Zaniolo
27%
225Eintracht FrankfurtEuropaDaichi Kamada
22%
116Olympique LyonEuropaKarl Toko Ekambi
20%
225Stade RennesConferenceGaëtan Laborde
16%
510FeyenoordConferenceCyriel Dessers
15%
116FeyenoordConferenceLuis Sinisterra
15%
78Olympique MarseilleEuropa, ConferenceArkadiusz Milik
13%
225PSV EindhovenEuropa, ConferenceEran Zahavi
9%
225FK Bodø/GlimtConferenceAmahl Pellegrino
7%
116FK Bodø/GlimtConferenceOla Solbakken
5%
116Slavia PragueConferenceYira Sor
4%
225FC BaselConferenceArthur Cabral
2%
116FC Porto / Sporting BragaEuropaGaleno
2%

Score Distribution

Percentile by Number Answered

Percent of People with Each Score

Your Score History

You have not taken this quiz